Culture ecology interface: (Record no. 41113)
[ view plain ]
| 000 -LEADER | |
|---|---|
| fixed length control field | 01137nam a22002657a 4500 |
| 005 - DATE AND TIME OF LATEST TRANSACTION | |
| control field | 20100811153815.0 |
| 010 ## - LCCN (DPL NO) | |
| LC control number | ENG-99818 |
| 020 ## - INTERNATIONAL STANDARD BOOK NUMBER | |
| International Standard Book Number | 9789380190136 |
| Terms of availability | 600.00 |
| 035 ## - SYSTEM CONTROL NUMBER | |
| System control number | EN-83350 |
| 037 ## - SOURCE OF ACQUISITION | |
| Source of stock number/acquisition | DBAD/PUB |
| 082 ## - DEWEY DECIMAL CLASSIFICATION NUMBER | |
| Classification number | 304.20954 |
| 100 ## - MAIN ENTRY--PERSONAL NAME | |
| Personal name | Gupta,Pankaj |
| 245 ## - TITLE STATEMENT | |
| Title | Culture ecology interface: |
| Statement of responsibility, etc | by Pankaj Gupta |
| Remainder of title | a glance at a Himalayan village / |
| 260 ## - PUBLICATION, DISTRIBUTION, ETC. (IMPRINT) | |
| Place of publication, distribution, etc | New Delhi |
| Name of publisher, distributor, etc | Satyam Publishing House in association with Institute of Integrated Himalayan Studies, H.P. University |
| Date of publication, distribution, etc | 2010 |
| 270 ## - ADDRESS | |
| City | New Delhi |
| Postal code | 110002 |
| Address | N-3/25,Mohan Garden,Uttam Nagar |
| 300 ## - PHYSICAL DESCRIPTION | |
| Extent | 257p. |
| Dimensions | 23cm (Hb) |
| 500 ## - GENERAL NOTE | |
| General note | Includes bibliographical references (p. [254]-257). |
| 520 ## - SUMMARY, ETC. | |
| Summary, etc | Study conducted at Shakrori Village of Himachal Pradesh, India. |
| 650 ## - SUBJECT ADDED ENTRY--TOPICAL TERM | |
| Topical term or geographic name as entry element | Human ecology |z Shakrori (Village) |
| Geographic subdivision | India |
| 650 ## - SUBJECT ADDED ENTRY--TOPICAL TERM | |
| Topical term or geographic name as entry element | Shakrori (India : Village) |
| General subdivision | Social life and customs. |
| 700 ## - ADDED ENTRY--PERSONAL NAME | |
| 9 (RLIN) | 10603 |
| 700 ## - ADDED ENTRY--PERSONAL NAME | |
| 9 (RLIN) | 10604 |
| 942 ## - ADDED ENTRY ELEMENTS (KOHA) | |
| Source of classification or shelving scheme | Dewey Decimal Classification |
| Item type | English Books |
| Classification part | 304.20954 |
| Call number suffix | GUP |
| Withdrawn status | Lost status | Not for loan | Collection code | Home library | Current library | Date acquired | Source of acquisition | Cost, normal purchase price | Full call number | Barcode | Copy number | Cost, replacement price | Koha item type |
|---|---|---|---|---|---|---|---|---|---|---|---|---|---|
| Not For Loan | Non-fiction | D.B.Act.Division | D.B.Act.Division | 11/08/2010 | DBAD/PUB | 600.00 | 304.20954 GUP | EN-83350 | 1 | 600.00 | English Books |
